Համառօտ երկրագործութիւն : (Record no. 531216)
[ view plain ]
| 000 -LEADER | |
|---|---|
| fixed length control field | 01589nam a2200241 a 4500 |
| 001 - CONTROL NUMBER | |
| control field | 000617754 |
| 003 - CONTROL NUMBER IDENTIFIER | |
| control field | AM-YEHGA |
| 005 - DATE AND TIME OF LATEST TRANSACTION | |
| control field | 20250618080150.0 |
| 008 - FIXED-LENGTH DATA ELEMENTS--GENERAL INFORMATION | |
| fixed length control field | 081205s1845 au a||||||||||||||0|arm|d |
| 040 ## - CATALOGING SOURCE | |
| Original cataloging agency | AM-YeHGA |
| 041 0# - LANGUAGE CODE | |
| Language code of text/sound track or separate title | arm |
| 090 ## - LOCALLY ASSIGNED LC-TYPE CALL NUMBER (OCLC); LOCAL CALL NUMBER (RLIN) | |
| -- | 569973 |
| 100 1# - MAIN ENTRY--PERSONAL NAME | |
| Personal name | Շղիփ, Յ.Ա. |
| 245 10 - TITLE STATEMENT | |
| Title | Համառօտ երկրագործութիւն : |
| Remainder of title | Երկրագործութեան ուսուցչին գրքին վրայ ազատ աշխատուած Մխիթ. միաբաններէն / |
| Statement of responsibility, etc. | Յ.Ա. Շղիփ. |
| 260 ## - PUBLICATION, DISTRIBUTION, ETC. | |
| Place of publication, distribution, etc. | Վիէննա : |
| Name of publisher, distributor, etc. | Ի Վանս Պաշտ. Ս. Աստուածածնի, |
| Date of publication, distribution, etc. | 1845. |
| 300 ## - PHYSICAL DESCRIPTION | |
| Extent | 16 չհ., 301 էջ ; |
| Dimensions | 17 սմ. |
| 500 ## - GENERAL NOTE | |
| General note | Շարվ. 7,6x14,5 սմ |
| 500 ## - GENERAL NOTE | |
| General note | (Վերջում 1 մեծադիր թերթ գծագիր-պատկերներ) |
| 500 ## - GENERAL NOTE | |
| General note | Յ. Ա. Շղիփ երկրագործութեան ուսուցչին գրքին վրայ ագատ աշխատուած Մխիթարեան միաբաններէն։ 298-301 էջերում՝ «Աս գիրքին մէջ գտունած երկրագործական բառերը»: Համաձայն մատենագիտական աղբյուրների՝ ըստ Շղիփի կազմված այս աշխատության հեղինակը Միքայել Վեցմատյանն է։ Գրքի վերջում կցված է. «Վիեննա տպած պատմական ու ուսումնական գրքերու ցանկը»։ |
| 650 14 - SUBJECT ADDED ENTRY--TOPICAL TERM | |
| Topical term or geographic name entry element | Երկրագործություն |
| 9 (RLIN) | 4976 |
| 856 41 - ELECTRONIC LOCATION AND ACCESS | |
| Uniform Resource Identifier | <a href="http://greenstone.flib.sci.am/gsdl/collect/armbook/books/hamarot_erkragorcutyun1845.pdf">http://greenstone.flib.sci.am/gsdl/collect/armbook/books/hamarot_erkragorcutyun1845.pdf</a> |
| Link text | Կարդալ առցանց |
| 942 ## - ADDED ENTRY ELEMENTS (KOHA) | |
| Source of classification or shelving scheme | Universal Decimal Classification |
| Koha item type | Գրքեր / Books |
| Withdrawn status | Lost status | Source of classification or shelving scheme | Damaged status | Not for loan | Collection | Home library | Current library | Date acquired | Total checkouts | Full call number | Barcode | Date last seen | Price effective from | Koha item type | Public note |
|---|---|---|---|---|---|---|---|---|---|---|---|---|---|---|---|
| Universal Decimal Classification | Edgaryan Individual Collection | Fundamental Scientific Library | Fundamental Scientific Library | 18/09/2024 | Էդգ/18 | FL0685885 | 18/09/2024 | 18/09/2024 | Գրքեր / Books | ILL Non-Circ. |
ՀՀ Գիտությունների ազգային ակադեմիայի հիմնարար գիտական գրադարան = Fundamental Scientific Library of NAS RA
All site content, except where otherwise noted, is licensed under a